|
|
|
|
| LEADER |
00000nam a2200000 4500 |
| 001 |
vtls011745268 |
| 003 |
SK-MaSNL |
| 005 |
20260301182914.0 |
| 008 |
200316s2017 xr g 010 f cze |
| 015 |
|
|
|a SNBZSA2018/04
|
| 020 |
|
|
|a 9788075294753
|q (viazané)
|
| 035 |
|
|
|a urn:nbn:sk:snk-am00dgsr
|
| 035 |
|
|
|a urn:nbn:sk:snk-am3i1r9
|
| 035 |
|
|
|a 623DB431-FAAA-4740-9413-875D91A9C91F
|
| 040 |
|
|
|a SNK
|b slo
|c SNK
|e rda
|
| 041 |
1 |
|
|a cze
|h slo
|
| 044 |
|
|
|a xr
|c CZ
|
| 072 |
|
7 |
|a 821.162.4
|x Slovenská literatúra
|2 konspekt
|
| 080 |
|
|
|a 821.162.4-31
|2 2011
|
| 080 |
|
|
|a (0:82-312.4)
|2 2011
|
| 100 |
1 |
|
|a Dán, Dominik,
|d 1955-
|4 aut
|9 92276
|
| 240 |
1 |
0 |
|a Korene zla
|l Česky
|
| 245 |
1 |
0 |
|a Kořeny zla
|c Dominik Dán ; translation Jan Hanzlík
|
| 264 |
|
1 |
|a V Praze
|b Slovart
|c 2017
|
| 300 |
|
|
|a 302 strán
|c 22 cm
|
| 336 |
|
|
|a text
|b txt
|2 rdacontent
|
| 337 |
|
|
|a bez média
|b n
|2 rdamedia
|
| 338 |
|
|
|a zväzok
|b nc
|2 rdacarrier
|
| 655 |
|
7 |
|a slovenské romány
|2 SNKPH
|9 70324
|
| 655 |
|
7 |
|a detektívne romány
|2 SNKPH
|9 70455
|
| 655 |
|
7 |
|a Slovak fiction
|2 SNKPHeng
|9 277096
|
| 655 |
|
7 |
|a Detective novels
|2 SNKPHeng
|9 121444
|
| 700 |
1 |
|
|a Hanzlík, Jan
|c (prekladateľ)
|4 trl
|9 8451
|
| 919 |
|
|
|a 978-80-7529-475-3
|
| 958 |
|
|
|a ZS
|
| 999 |
|
|
|c 855202
|d 857132
|
| 952 |
|
|
|a SNK
|b SNK
|y PREZ
|7 0
|p 17A1322411
|o snkSC 178798
|i snk2018/6661
|8 4
|g 10.91
|0 0
|1 0
|4 0
|d 2018-03-08
|f 1
|l 0
|r 2025-09-19 00:00:00
|w 2026-02-24
|